Wordt geladen...

From green to ever green revolution:agriculture: performance and emerging challenges

Bibliografische gegevens
Hoofdauteur: Swaminathan M S
Formaat: Printed Book
Gepubliceerd in: New Delhi Academic Foundation 2010
Onderwerpen:
LEADER 00822nam a22002171a 4500
020 |a 9788171887972  |c 0.00 
040 |a SSUS - Library - Kalady 
082 |a 630.954  |b SWA/F 
100 |a Swaminathan M S 
245 |a From green to ever green revolution:agriculture: performance and emerging challenges  |h [Text] 
260 |a New Delhi  |b Academic Foundation  |c 2010 
300 |a 410p. 
600 |a Agriculture Economic Aspects 
600 |a Agriculture Environmental Aspects India 
600 |a Food Supply India 
600 |a Sustainable Agriculture India 
600 |a Technology 
852 |h 630.954  |i SWA/F  |p 065143  |9 1195.00  |t 0 
942 |c BK 
999 |c 15127  |d 15127 
952 |0 0  |1 0  |4 0  |6 630_954000000000000_SWA_F  |7 0  |9 21478  |a SSUS  |b SSUS  |d 2015-01-08  |g 1195.00  |l 1  |o 630.954 SWA/F  |p 065143  |r 2019-09-25  |s 2019-09-20  |v 0.00  |w 2015-01-08  |y BK